000
00303nam a2200133Ia 4500
005
20251222155039.0
008
251222s9999||||xx |||||||||||||| ||spa||
082
_a
NUT.48
100
_a
Carlos Alberto medina
245
0
_a
Alimenta tu salud
250
_a
1ra. ed.
264
_b
Cultural
942
_c
LIB
999
_c
36838
_d
36838